| 000 | 00703nam a22002297a 4500 | ||
|---|---|---|---|
| 005 | 20240530110629.0 | ||
| 008 | 170103s2015 ua f 000 0 ara d | ||
| 017 |
_a2014/22660 _bمصر. دار الكتب |
||
| 020 | _a9789770933183 | ||
| 040 |
_aEG-CaGPL _cEG-CaGPL |
||
| 082 | 0 | 4 |
_221 _a303.64 _bق/أ م |
| 100 | 0 | _aاحمد سمير | |
| 245 | 1 | 0 |
_aمانشيتات يوم القيامة / _cاحمد سمير |
| 250 | _aط. 1 | ||
| 260 |
_aالقاهرة : _bدار الشروق ، _c2015. |
||
| 300 |
_a188 ص. ؛ _c19 سم. |
||
| 650 | _2qrmak | ||
| 651 | _2qrmak | ||
| 653 | 0 | 7 | _aثورة 25 يناير - مقالات |
| 942 |
_2ddc _cBK |
||
| 999 |
_c63210 _d63210 |
||